La travesía, 1927-2008 (Record no. 184981)

MARC details
000 -LEADER
campo de control de longitud fija 00810nam a2200229 i 4500
001 - NÚMERO DE CONTROL
campo de control 184981
003 - IDENTIFICADOR DE NÚMERO DE CONTROL
campo de control SpMaBN
005 - FECHA Y HORA DE LA ÚLTIMA TRANSACCIÓN
campo de control 20240125063159.0
008 - DATOS DE LONGITUD FIJA--INFORMACIÓN GENERAL
campo de control de longitud fija 160302s2008 sp aco |||| |aspa d
020 ## - NÚMERO INTERNACIONAL ESTÁNDAR DEL LIBRO
Número Internacional Estándar del Libro 978-84-96467-72-9
080 ## - NÚMERO DE LA CLASIFICACIÓN DECIMAL UNIVERSAL
Número de la Clasificación Decimal Universal 929 Monleón, José
100 1# - ENTRADA PRINCIPAL--NOMBRE DE PERSONA
Nombre de persona Monleón, José,
Fechas asociadas al nombre 1927-2016
9 (RLIN) 82230
245 13 - MENCIÓN DEL TÍTULO
Título La travesía, 1927-2008
Resto del título : memoria de mi tiempo /
Mención de responsabilidad, etc. José Monleón ; [introducción, por Ada del Moral].
260 ## - PUBLICACIÓN, DISTRIBUCIÓN, ETC.
Lugar de publicación, distribución, etc. Madrid :
Nombre del editor, distribuidor, etc. Marcial Pons Historia,
Fecha de publicación, distribución, etc. 2008.
300 ## - DESCRIPCIÓN FÍSICA
Extensión 266 p. :
Otras características físicas il., retr. ;
Dimensiones 22 cm.
490 1# - MENCIÓN DE SERIE
Mención de serie Memorias y biografías
600 14 - PUNTO DE ACCESO ADICIONAL DE MATERIA--NOMBRE DE PERSONA
Nombre de persona Monleón, José,
Fechas asociadas al nombre 1927-2016
9 (RLIN) 82230
700 1# - ENTRADA AGREGADA--NOMBRE PERSONAL
Nombre de persona Moral, Ada del.
9 (RLIN) 149371
830 0# - PUNTO DE ACCESO ADICIONAL DE SERIE-TÍTULO UNIFORME
Título uniforme Memorias y biografías
9 (RLIN) 183047
852 ## - LOCALIZACIÓN
Ubicación ES-MaACL
Número de control de estantería L-30237
Nota libre . - Donat. Carmen Zumárraga
Holdings
Estatus retirado Estado de pérdida Estado de daño No para préstamo Biblioteca de origen Biblioteca actual Ubicación en estantería Fecha de adquisición Fuente de adquisición Total de préstamos Signatura topográfica completa Código de barras Visto por última vez Precio de reemplazo Tipo de ítem Koha
        Biblioteca del Ateneo de Madrid Biblioteca del Ateneo de Madrid Depósito 2 02/03/2016     L-30237 1194840 23/02/2023 23/02/2023 Libro impreso